Good news Bible : Today's English Version / (Record no. 2936)

MARC details
000 -LEADER
fixed length control field 00864nam a2200265 a 4500
001 - CONTROL NUMBER
control field 4439512
003 - CONTROL NUMBER IDENTIFIER
control field OSt
005 - DATE AND TIME OF LATEST TRANSACTION
control field 20110614160644.0
008 - FIXED-LENGTH DATA ELEMENTS--GENERAL INFORMATION
fixed length control field 940406s1992 tnua 000 0 eng
010 ## - LIBRARY OF CONGRESS CONTROL NUMBER
LC control number 94141663
020 ## - INTERNATIONAL STANDARD BOOK NUMBER
International Standard Book Number 0647162539
040 ## - CATALOGING SOURCE
Original cataloging agency DLC
Transcribing agency DLC
050 00 - LIBRARY OF CONGRESS CALL NUMBER
Classification number BS195
Item number .T63 1992
082 00 - DEWEY DECIMAL CLASSIFICATION NUMBER
Classification number 220.5208
Edition number 22
130 0# - MAIN ENTRY--UNIFORM TITLE
Uniform title Bible.
Language of a work English.
Version Today's English.
Date of a work c1976.
9 (RLIN) 5541
245 10 - TITLE STATEMENT
Title Good news Bible : Today's English Version /
250 ## - EDITION STATEMENT
Edition statement 4th ed. _
260 ## - PUBLICATION, DISTRIBUTION, ETC. (IMPRINT)
Place of publication, distribution, etc NewYork :
Name of publisher, distributor, etc American Bible Society,
Date of publication, distribution, etc c1992.
300 ## - PHYSICAL DESCRIPTION
Extent xiv, 361 p. :
Other physical details ill. ;
Dimensions 19 cm.
710 2# - ADDED ENTRY--CORPORATE NAME
Corporate name or jurisdiction name as entry element American Bible Society
9 (RLIN) 5542
906 ## - LOCAL DATA ELEMENT F, LDF (RLIN)
a 7
b cbc
c orignew
d 2
e ncip
f 19
g y-gencatlg
942 ## - ADDED ENTRY ELEMENTS (KOHA)
Source of classification or shelving scheme Dewey Decimal Classification
Koha item type Reference
Holdings
Withdrawn status Lost status Source of classification or shelving scheme Damaged status Not for loan Home library Current library Shelving location Date acquired Total Checkouts Full call number Barcode Date last seen Price effective from Koha item type
    Dewey Decimal Classification     Law Development Centre Main Library Law Development Centre Main Library Reference 06/14/2011   220.5208 2011/2244 06/14/2011 06/14/2011 Reference